[Event "Czech Open GM 2019"]
[Site "Pardubice"]
[Date "2019.07.24"]
[Round "6.36"]
[White "Yandarbiev, Ruslan"]
[Black "Sarkar, Justin"]
[Result "1-0"]
[WhiteElo "2270"]
[BlackElo "2389"]
[Annotator "TA"]
[PlyCount "137"]
[EventDate "2019.07.19"]
[EventType "swiss"]
[EventCountry "CZE"]
[SourceTitle "playchess.com"]
[Source "ChessBase"]
[SourceQuality "1"]

1. e4 e5 2. Nf3 Nc6 3. Bb5 a6 4. Ba4 d6 5. c3 Bd7 6. d4 g6 7. O-O Bg7 8. Bg5 f6 9. Be3 Nh6 10. dxe5 dxe5 11. Bc5 Bf8 12. Bxf8 Kxf8 13. Qd2 Kg7 14. Rd1 Be8 15. Qe3 Qe7 16. h3 Nd8 17. Bxe8 Rxe8 18. c4 Ne6 19. Nc3 c6 20. Rd2 Rad8 21. Rad1 Nf7 22. h4 Rxd2 23. Rxd2 Rd8 24. Qb6 Rxd2 25. Nxd2 Nd4 26. Nb3 Nxb3 27. axb3 Nd8 28. b4 Ne6 29. Na4 f5 30. exf5 gxf5 31. Qe3 e4 32. Qg3+ Kf7 33. Qe5 Qf6 34. Qb8 b5 35. cxb5 axb5 36. Nc5 Nxc5 37. bxc5 f4 38. Qc7+ Kg6 39. Qd7 e3 40. fxe3 fxe3 41. Qe8+ Kf5 42. Qxe3 Qxb2 43. Qf3+ Ke5 44. Qxc6 Qd4+ 45. Kf1 Qc4+ 46. Kg1 Qd4+ 47. Kf1 b4 48. Qc7+ Ke4 49. Qxh7+ Ke3 50. Qe7+ Kd3 51. Qe2+ Kc3 52. c6 Qd6 53. Qe1+ Kb3 54. Qb1+ Ka4 55. Qc2+ b3 56. Qc4+ Ka3 57. c7 Qd1+ 58. Kf2 Qd2+ 59. Kf3 Qd1+ 60. Kf4 Qd6+ 61. Kg4 Qg6+ 62. Kh3 Qf5+ 63. Kh2 Qc8 64. Qc5+ Ka2 65. Qa7+ Kb2 66. Qd4+ Ka2 67. Qd8 Qf5 68. c8=Q Qe5+ 69. Kh3 1-0

[Event "Czech Open GM 2019"]
[Site "Pardubice"]
[Date "2019.07.24"]
[Round "6.37"]
[White "Yagupov, Igor"]
[Black "Mladek, Richard"]
[Result "0-1"]
[WhiteElo "2385"]
[BlackElo "2253"]
[Annotator "NA"]
[PlyCount "74"]
[EventDate "2019.07.19"]
[EventType "swiss"]
[EventCountry "CZE"]
[SourceTitle "playchess.com"]
[Source "ChessBase"]
[SourceQuality "1"]

1. Nf3 c5 2. c4 Nc6 3. d4 cxd4 4. Nxd4 e6 5. Nc3 Nf6 6. Ndb5 d6 7. Bf4 e5 8. Bg5 a6 9. Bxf6 gxf6 10. Na3 Be6 11. e3 Rc8 12. Qd2 f5 13. Be2 Be7 14. O-O h5 15. Nd5 h4 16. Rfd1 Rg8 17. Kh1 e4 18. Rac1 Ne5 19. Qb4 Rb8 20. c5 dxc5 21. Nf6+ Bxf6 22. Rxd8+ Rxd8 23. Qxb7 Nd3 24. Rf1 Kf8 25. b3 f4 26. exf4 e3 27. f3 Nf2+ 28. Kg1 Bh3 29. Rxf2 exf2+ 30. Kxf2 Rxg2+ 31. Ke3 Re8+ 32. Kd3 Rgxe2 33. Qxa6 R2e6 34. Qa7 Bf1+ 35. Kc2 Re2+ 36. Kc1 Re1+ 37. Kd2 R8e2+ 0-1

[Event "Czech Open GM 2019"]
[Site "Pardubice"]
[Date "2019.07.24"]
[Round "6.37"]
[White "Beukes, Dante M"]
[Black "Zeman, Matyas"]
[Result "1/2-1/2"]
[WhiteElo "2016"]
[BlackElo "2275"]
[Annotator "NA"]
[PlyCount "68"]
[EventDate "2019.07.19"]
[EventType "swiss"]
[EventCountry "CZE"]
[SourceTitle "playchess.com"]
[Source "ChessBase"]
[SourceQuality "1"]

1. e4 e6 2. d4 d5 3. Nc3 Nf6 4. e5 Nfd7 5. Nce2 c5 6. c3 Nc6 7. Nf3 Qb6 8. a3 cxd4 9. cxd4 f6 10. exf6 Nxf6 11. g3 Bd6 12. Bg2 O-O 13. O-O Ne4 14. Nc3 Nxc3 15. bxc3 Bd7 16. Qc2 e5 17. dxe5 Bxe5 18. Ng5 Bf5 19. Bxd5+ Kh8 20. Be4 g6 21. Rb1 Qc7 22. Bxf5 Rxf5 23. Be3 Re8 24. Qb3 Bxg3 25. fxg3 Rxe3 26. Rxf5 gxf5 27. Qf7 Qxf7 28. Nxf7+ Kg7 29. Rxb7 Rxc3 30. Ne5+ Kh6 31. Rc7 Nd4 32. Rxc3 Ne2+ 33. Kf2 Nxc3 34. Ke3 Kg5 1/2-1/2

[Event "Czech Open GM 2019"]
[Site "Pardubice"]
[Date "2019.07.24"]
[Round "6.38"]
[White "Zlatin, Alexander"]
[Black "Dovzhenko, Viktor"]
[Result "1-0"]
[WhiteElo "2270"]
[BlackElo "2100"]
[Annotator "NA"]
[PlyCount "109"]
[EventDate "2019.07.19"]
[EventType "swiss"]
[EventCountry "CZE"]
[SourceTitle "playchess.com"]
[Source "ChessBase"]
[SourceQuality "1"]

1. e4 g6 2. d4 Bg7 3. Nf3 d6 4. Nc3 a6 5. Be3 Nd7 6. Bc4 e6 7. a4 b6 8. d5 e5 9. Nd2 Ngf6 10. g4 h5 11. g5 Ng4 12. h4 Nxe3 13. fxe3 f6 14. Nf3 Nf8 15. Qd3 Nh7 16. gxf6 Qxf6 17. Rf1 O-O 18. O-O-O Bh3 19. Bxa6 Bxf1 20. Rxf1 Bh6 21. Bb5 Rf7 22. Ne2 Raf8 23. Ng3 Qd8 24. Qe2 Qc8 25. Rg1 Kh8 26. Ng5 Rf2 27. Qd1 Bxg5 28. hxg5 Qh3 29. Qe1 Qh2 30. Kb1 Rg2 31. Rf1 Qxg3 32. Rxf8+ Nxf8 33. Qc3 Qf2 34. b4 Rg1+ 35. Ka2 Qe1 36. Qxe1 Rxe1 37. a5 bxa5 38. bxa5 Nd7 39. Bxd7 Rf1 40. Bh3 Rf8 41. Kb3 Rb8+ 42. Ka4 Kg7 43. a6 Rb1 44. Ka5 Ra1+ 45. Kb5 h4 46. Bc8 Kf7 47. Kc6 h3 48. Bxh3 Rxa6+ 49. Kxc7 Ke7 50. c4 Ra1 51. c5 Rc1 52. c6 Rc3 53. Bc8 Rxe3 54. Kb8 Rc3 55. c7 1-0

[Event "Czech Open GM 2019"]
[Site "Pardubice"]
[Date "2019.07.24"]
[Round "6.39"]
[White "Smid, Miroslav"]
[Black "Chylewski, Patryk"]
[Result "1/2-1/2"]
[WhiteElo "2251"]
[BlackElo "2376"]
[Annotator "NA"]
[PlyCount "50"]
[EventDate "2019.07.19"]
[EventType "swiss"]
[EventCountry "CZE"]
[SourceTitle "playchess.com"]
[Source "ChessBase"]
[SourceQuality "1"]

1. c4 e5 2. g3 Nc6 3. Bg2 g6 4. Nc3 Bg7 5. e4 d6 6. d3 Nd4 7. Nge2 Bg4 8. h3 Bf3 9. Bxf3 Nxf3+ 10. Kf1 Nd4 11. Kg2 Ne7 12. Nxd4 exd4 13. Nd5 c6 14. Nf4 O-O 15. h4 h6 16. Bd2 Qd7 17. Qf3 Rae8 18. Rhe1 Kh7 19. Re2 Ng8 20. Bb4 Be5 21. c5 b6 22. cxd6 Bxd6 23. Bxd6 Qxd6 24. Rae1 Qe5 25. Rc1 Ne7 1/2-1/2

[Event "Czech Open GM 2019"]
[Site "Pardubice"]
[Date "2019.07.24"]
[Round "6.39"]
[White "Radovic, Stefan"]
[Black "Groetzbach, Julian"]
[Result "0-1"]
[WhiteElo "2013"]
[BlackElo "2269"]
[Annotator "NA"]
[PlyCount "96"]
[EventDate "2019.07.19"]
[EventType "swiss"]
[EventCountry "CZE"]
[SourceTitle "playchess.com"]
[Source "ChessBase"]
[SourceQuality "1"]

1. d4 d5 2. c4 e6 3. Nc3 Bb4 4. Nf3 Nf6 5. Bg5 dxc4 6. e4 c5 7. e5 cxd4 8. Nxd4 Qa5 9. exf6 Bxc3+ 10. bxc3 Qxg5 11. fxg7 Qxg7 12. Qd2 a6 13. Bxc4 O-O 14. O-O b5 15. Bb3 Bb7 16. f4 b4 17. Qf2 bxc3 18. Rae1 Kh8 19. Re5 h6 20. Nf3 Nd7 21. Rh5 Nf6 22. Rh3 Ne4 23. Qh4 Rad8 24. Bc2 Rg8 25. Ng5 Nd6 26. Qxh6+ Qxh6 27. Rxh6+ Kg7 28. Rh7+ Kf6 29. Rh3 Nb5 30. Be4 Bd5 31. a4 Nd4 32. Kf2 Rc8 33. Rc1 c2 34. Bd3 Rc6 35. Ke3 Nf5+ 36. Kd2 Nd4 37. Bxc2 Rgc8 38. Rh6+ Ke7 39. Rh7 Rxc2+ 40. Rxc2 Nxc2 41. Rxf7+ Kd6 42. Ra7 Nb4 43. Nf7+ Kc5 44. g4 Kd4 45. Ne5 Rc2+ 46. Kd1 Bb3 47. Ke1 Ke3 48. Kf1 Bd5 0-1

[Event "Czech Open GM 2019"]
[Site "Pardubice"]
[Date "2019.07.24"]
[Round "6.40"]
[White "Krishna Teja, N."]
[Black "Polgar-Shutzman, Tom"]
[Result "1/2-1/2"]
[WhiteElo "2368"]
[BlackElo "2241"]
[Annotator "NA"]
[PlyCount "50"]
[EventDate "2019.07.19"]
[EventType "swiss"]
[EventCountry "CZE"]
[SourceTitle "playchess.com"]
[Source "ChessBase"]
[SourceQuality "1"]

1. d4 Nf6 2. c4 e6 3. Nc3 Bb4 4. Qc2 O-O 5. Nf3 d5 6. a3 Bxc3+ 7. Qxc3 dxc4 8. Qxc4 b6 9. Qa4 Ba6 10. Bg5 Qd7 11. Qc2 c5 12. Bxf6 gxf6 13. dxc5 Rc8 14. Qe4 bxc5 15. Qf4 Kg7 16. g4 Qb5 17. g5 f5 18. Qe5+ Kg8 19. Qc3 Qc4 20. Qxc4 Bxc4 21. Ne5 Bd5 22. Rg1 Rc7 23. Bg2 Bxg2 24. Rxg2 Nd7 25. Nc4 Nb6 1/2-1/2

[Event "Czech Open GM 2019"]
[Site "Pardubice"]
[Date "2019.07.24"]
[Round "6.40"]
[White "Nguyen, Alex Dac-Vuong"]
[Black "Kim, Jinsoo"]
[Result "1/2-1/2"]
[WhiteElo "2267"]
[BlackElo "2087"]
[Annotator "RC"]
[PlyCount "162"]
[EventDate "2019.07.19"]
[EventType "swiss"]
[EventCountry "CZE"]
[SourceTitle "playchess.com"]
[Source "ChessBase"]
[SourceQuality "1"]

1. e4 c5 2. Nf3 e6 3. d4 cxd4 4. Nxd4 a6 5. c4 Nf6 6. Nc3 Bb4 7. Qd3 O-O 8. e5 Ne8 9. Nc2 Be7 10. Bf4 Nc6 11. Be2 Qc7 12. Qg3 d6 13. exd6 Bxd6 14. Bxd6 Qxd6 15. Qxd6 Nxd6 16. O-O-O Nf5 17. Rhe1 Rb8 18. Bf3 f6 19. Bxc6 bxc6 20. Nd4 e5 21. Nxc6 Rb6 22. Na5 Be6 23. c5 Rb4 24. Re4 Nd4 25. a3 Rbb8 26. b4 Bf5 27. Re3 Nc2 28. Rf3 Nd4 29. Re3 Nc2 30. Rf3 Nd4 31. Rg3 h5 32. Rd2 Rfc8 33. Nd5 Rxc5+ 34. Nc3 Rxa5 35. bxa5 Nb3+ 36. Kd1 Nxd2 37. Kxd2 Rb2+ 38. Ke1 Kf7 39. Nd5 Rb5 40. Nc7 Rxa5 41. Rc3 h4 42. g3 h3 43. f3 e4 44. g4 Bd7 45. fxe4 Bxg4 46. Kf2 Ra4 47. Ke3 f5 48. exf5 Bxf5 49. Nd5 g5 50. Kf2 Be6 51. Ne3 Rd4 52. Ke2 Kf6 53. Rc6 a5 54. Rc5 a4 55. Ra5 g4 56. Ra8 Bd7 57. Ra5 Rd6 58. Nd5+ Kf7 59. Kf2 Be6 60. Nf4 Bb3 61. Kg3 Rd2 62. Kxg4 Rxh2 63. Kg3 Ra2 64. Kxh3 Rxa3 65. Kg4 Ra1 66. Nd3 a3 67. Nb4 a2 68. Nxa2 Bxa2 69. Rc5 Be6+ 70. Kf4 Kf6 71. Rb5 Ra4+ 72. Ke3 Bd7 73. Rc5 Bf5 74. Rc6+ Ke5 75. Rc5+ Ke6 76. Rb5 Re4+ 77. Kf3 Kf6 78. Rb8 Rd4 79. Ke3 Re4+ 80. Kf3 Re7 81. Kf4 Re4+ 1/2-1/2

[Event "Czech Open GM 2019"]
[Site "Pardubice"]
[Date "2019.07.24"]
[Round "6.41"]
[White "Gazik, Igor"]
[Black "Kim, Yunseo"]
[Result "1-0"]
[WhiteElo "2258"]
[BlackElo "2075"]
[Annotator "TA"]
[PlyCount "123"]
[EventDate "2019.07.19"]
[EventType "swiss"]
[EventCountry "CZE"]
[SourceTitle "playchess.com"]
[Source "ChessBase"]
[SourceQuality "1"]

1. d4 Nf6 2. Nc3 d5 3. Bg5 c5 4. e3 Nc6 5. Nf3 Bg4 6. Be2 e6 7. O-O cxd4 8. Nxd4 Bxe2 9. Qxe2 Nxd4 10. exd4 Be7 11. Rfe1 O-O 12. Qd3 h6 13. Bf4 Bd6 14. Bxd6 Qxd6 15. a4 Rfc8 16. Ra3 Qa6 17. Qb5 Ne8 18. Qxa6 bxa6 19. Rb3 Rab8 20. Rxb8 Rxb8 21. b3 Rc8 22. Re3 h5 23. f3 Nd6 24. g4 hxg4 25. fxg4 g5 26. Kf1 Kg7 27. Ke1 Ne4 28. Nxe4 dxe4 29. c4 f5 30. Kd2 Rh8 31. h3 Kf6 32. c5 Rd8 33. Kc3 e5 34. dxe5+ Kxe5 35. gxf5 Kxf5 36. Rg3 Kf4 37. Rg4+ Kf3 38. Rxg5 e3 39. Re5 e2 40. Kc4 Kf2 41. c6 Rh8 42. Re7 e1=Q 43. Rxe1 Kxe1 44. b4 Kd2 45. b5 a5 46. b6 axb6 47. Kb5 Kc3 48. c7 Kb3 49. h4 Ka3 50. h5 Kb3 51. Kxb6 Kxa4 52. Kb7 Rxh5 53. c8=Q Rb5+ 54. Ka6 Rb4 55. Qc2+ Rb3 56. Qc4+ Ka3 57. Kxa5 Kb2 58. Ka4 Rc3 59. Qe2+ Kc1 60. Kb4 Rc7 61. Qe3+ Kc2 62. Qe4+ 1-0

[Event "Czech Open GM 2019"]
[Site "Pardubice"]
[Date "2019.07.24"]
[Round "6.41"]
[White "Suta, Andraz"]
[Black "Colpe, Malte"]
[Result "1/2-1/2"]
[WhiteElo "2251"]
[BlackElo "2367"]
[Annotator "NA"]
[PlyCount "45"]
[EventDate "2019.07.19"]
[EventType "swiss"]
[EventCountry "CZE"]
[SourceTitle "playchess.com"]
[Source "ChessBase"]
[SourceQuality "1"]

1. e4 e5 2. Nf3 Nc6 3. Bb5 a6 4. Ba4 b5 5. Bb3 Na5 6. O-O d6 7. d4 exd4 8. Nxd4 Bb7 9. Bd2 Nxb3 10. Nxb3 Nf6 11. Na5 Qc8 12. Re1 Be7 13. e5 dxe5 14. Nxb7 Qxb7 15. Rxe5 c5 16. Qe2 Ra7 17. Nc3 O-O 18. Bg5 h6 19. Re1 hxg5 20. Rxe7 Qxe7 21. Qxe7 Rxe7 22. Rxe7 Rd8 23. Kf1 1/2-1/2

[Event "Czech Open GM 2019"]
[Site "Pardubice"]
[Date "2019.07.24"]
[Round "6.42"]
[White "Simet, Martin"]
[Black "Skliarov, Viktor"]
[Result "1/2-1/2"]
[WhiteElo "2244"]
[BlackElo "2360"]
[Annotator "TA"]
[PlyCount "92"]
[EventDate "2019.07.19"]
[EventType "swiss"]
[EventCountry "CZE"]
[SourceTitle "playchess.com"]
[Source "ChessBase"]
[SourceQuality "1"]

1. e4 c5 2. Nf3 Nc6 3. d4 cxd4 4. Nxd4 Nf6 5. Nc3 e5 6. Ndb5 d6 7. Bg5 a6 8. Bxf6 gxf6 9. Na3 b5 10. Nd5 f5 11. c3 Bg7 12. exf5 Bxf5 13. Nc2 O-O 14. Nce3 Be6 15. Bd3 f5 16. Bc2 Kh8 17. a4 b4 18. Nxb4 Nxb4 19. cxb4 d5 20. Bb3 Qb6 21. O-O d4 22. a5 Qd6 23. Nc4 Qxb4 24. Ra4 Qb5 25. Ba2 Rad8 26. Na3 Qe8 27. Bxe6 Qxe6 28. Rb4 e4 29. Re1 Qd5 30. Nc4 d3 31. Qa4 Rg8 32. Ne3 Qe5 33. Nf1 Rd5 34. Ne3 Rdd8 35. Nf1 Bf8 36. Rb7 Bc5 37. Qc4 Rg7 38. Rxg7 Kxg7 39. b4 Bd4 40. g3 f4 41. Rxe4 Qxe4 42. Qc7+ Kg6 43. Qxd8 d2 44. Qg8+ Kf6 45. Qf8+ Kg6 46. Qg8+ Kf6 1/2-1/2

[Event "Czech Open GM 2019"]
[Site "Pardubice"]
[Date "2019.07.24"]
[Round "6.42"]
[White "Heldt, Nils-Lennart"]
[Black "Berzina, Ilze"]
[Result "1/2-1/2"]
[WhiteElo "2009"]
[BlackElo "2249"]
[Annotator "NA"]
[PlyCount "50"]
[EventDate "2019.07.19"]
[EventType "swiss"]
[EventCountry "CZE"]
[SourceTitle "playchess.com"]
[Source "ChessBase"]
[SourceQuality "1"]

1. e4 c6 2. Nc3 d5 3. Nf3 dxe4 4. Nxe4 Nf6 5. Nxf6+ exf6 6. Bc4 Bd6 7. Qe2+ Qe7 8. Qxe7+ Kxe7 9. Be2 Re8 10. d3 Kf8 11. Be3 Na6 12. a3 Nc7 13. c4 Ne6 14. g3 f5 15. Nd4 Nxd4 16. Bxd4 f4 17. Kd2 Be6 18. Rhe1 Red8 19. Kc2 Bf5 20. Rad1 f6 21. g4 Bg6 22. Bf3 Rd7 23. Be4 Bxa3 24. Bxf6 Bd6 25. Bc3 Re8 1/2-1/2

[Event "Czech Open GM 2019"]
[Site "Pardubice"]
[Date "2019.07.24"]
[Round "6.43"]
[White "Iliaguev, Nisim"]
[Black "Svanda, Ondrej"]
[Result "1-0"]
[WhiteElo "2357"]
[BlackElo "2234"]
[Annotator "NA RC"]
[PlyCount "81"]
[EventDate "2019.07.19"]
[EventType "swiss"]
[EventCountry "CZE"]
[SourceTitle "playchess.com"]
[Source "ChessBase"]
[SourceQuality "1"]

1. d4 Nf6 2. Bf4 e6 3. e3 b6 4. c3 Bb7 5. Nd2 Be7 6. h3 O-O 7. Ngf3 c5 8. Bd3 cxd4 9. exd4 d6 10. O-O Nbd7 11. Qe2 Re8 12. Bh2 a6 13. a4 Qc7 14. Nc4 Bc6 15. Rfe1 Nd5 16. Ncd2 Bb7 17. Rac1 Qc6 18. c4 Nb4 19. Be4 Qc8 20. Bxb7 Qxb7 21. Ne4 Qc6 22. Qd2 a5 23. b3 d5 24. Nc3 dxc4 25. Nb5 Red8 26. bxc4 Bf8 27. Qe2 Nf6 28. Ne5 Qb7 29. g4 Rac8 30. g5 Ne8 31. h4 Nd6 32. Qg4 Nc6 33. Nxc6 Rxc6 34. Bxd6 Bxd6 35. Qe4 Bb4 36. Red1 Rdc8 37. c5 bxc5 38. Nd6 Qc7 39. Nxc8 Qxc8 40. dxc5 Bxc5 41. Qxc6 1-0

[Event "Czech Open GM 2019"]
[Site "Pardubice"]
[Date "2019.07.24"]
[Round "6.43"]
[White "Bartos, Karel"]
[Black "Arpita, Mukherjee"]
[Result "0-1"]
[WhiteElo "1901"]
[BlackElo "2248"]
[Annotator "NA"]
[PlyCount "83"]
[EventDate "2019.07.19"]
[EventType "swiss"]
[EventCountry "CZE"]
[SourceTitle "playchess.com"]
[Source "ChessBase"]
[SourceQuality "1"]

1. e4 c5 2. c3 d5 3. exd5 Qxd5 4. d4 g6 5. Nf3 Bg7 6. Na3 cxd4 7. Bc4 Qe4+ 8. Be3 Nh6 9. cxd4 O-O 10. O-O Bg4 11. Be2 Nf5 12. Qd2 Nxe3 13. Qxe3 Qxe3 14. fxe3 Bh6 15. Kf2 Nc6 16. Nc4 Rac8 17. Rac1 Nb4 18. Nce5 Be6 19. Bc4 Bxc4 20. Rxc4 Nd3+ 21. Ke2 Nxb2 22. Rxc8 Rxc8 23. Kd2 Na4 24. Rb1 Nb6 25. Kd3 Bg7 26. Ng4 h5 27. Nf2 Rc7 28. Nd2 e5 29. Nb3 exd4 30. exd4 Nd5 31. Rc1 Nb4+ 32. Ke4 f5+ 33. Kf3 Rxc1 34. Nxc1 Bxd4 35. a3 Nc2 36. a4 Ne1+ 37. Ke2 Nxg2 38. Nb3 Nf4+ 39. Kf3 Bxf2 40. Kxf2 Kf7 41. Nc5 b6 42. Kg1 0-1

[Event "Czech Open GM 2019"]
[Site "Pardubice"]
[Date "2019.07.24"]
[Round "6.44"]
[White "Grela, Kacper"]
[Black "Grabinsky, Vladimir"]
[Result "1-0"]
[WhiteElo "2354"]
[BlackElo "2226"]
[Annotator "TA"]
[PlyCount "49"]
[EventDate "2019.07.19"]
[EventType "swiss"]
[EventCountry "CZE"]
[SourceTitle "playchess.com"]
[Source "ChessBase"]
[SourceQuality "1"]

1. e4 c5 2. Nf3 e6 3. d4 cxd4 4. Nxd4 Nc6 5. Nc3 Qc7 6. Be2 Nf6 7. O-O Nxd4 8. Qxd4 Bc5 9. Qd3 a6 10. Bg5 b5 11. Bf3 Qe5 12. Qd2 Bb7 13. Rad1 Qc7 14. Rfe1 d6 15. a3 O-O 16. Bxf6 gxf6 17. Qh6 Qb6 18. Re2 Bd4 19. Rd3 Kh8 20. e5 Rg8 21. Qxf6+ Rg7 22. Rxd4 Bxf3 23. Qxf3 Rag8 24. Rxd6 Qc5 25. g3 1-0

[Event "Czech Open GM 2019"]
[Site "Pardubice"]
[Date "2019.07.24"]
[Round "6.44"]
[White "Radeva, Viktoria"]
[Black "Burian, Simon"]
[Result "1-0"]
[WhiteElo "2247"]
[BlackElo "2049"]
[Annotator "NA"]
[PlyCount "77"]
[EventDate "2019.07.19"]
[EventType "swiss"]
[EventCountry "CZE"]
[SourceTitle "playchess.com"]
[Source "ChessBase"]
[SourceQuality "1"]

1. e4 c5 2. Nf3 d6 3. d4 cxd4 4. Qxd4 a6 5. h3 Nc6 6. Qe3 Nf6 7. c4 g6 8. Be2 Bg7 9. O-O Nd7 10. Nc3 h5 11. Rb1 Nc5 12. Qd2 a5 13. b3 b6 14. Bb2 Bh6 15. Qc2 Nb4 16. Qd1 O-O 17. Nd4 Bg7 18. a3 Nba6 19. Nc6 Qd7 20. Nd5 Re8 21. Ncxe7+ Rxe7 22. Bxg7 Kxg7 23. Qd4+ Re5 24. f4 Ne6 25. Qc3 Nxf4 26. Rxf4 Qd8 27. Rbf1 Be6 28. b4 Bxd5 29. cxd5 Qd7 30. Rxf7+ Qxf7 31. Rxf7+ Kxf7 32. Qc6 Rae8 33. Bxa6 axb4 34. axb4 Rxe4 35. Qxd6 Re1+ 36. Kh2 Ra1 37. Bd3 Ree1 38. Qxg6+ Kf8 39. d6 1-0

[Event "Czech Open GM 2019"]
[Site "Pardubice"]
[Date "2019.07.24"]
[Round "6.45"]
[White "Rudolf, Michal"]
[Black "Mullick, Raahil"]
[Result "1-0"]
[WhiteElo "2351"]
[BlackElo "2211"]
[Annotator "NA"]
[PlyCount "99"]
[EventDate "2019.07.19"]
[EventType "swiss"]
[EventCountry "CZE"]
[SourceTitle "playchess.com"]
[Source "ChessBase"]
[SourceQuality "1"]

1. d4 d5 2. c4 c6 3. Nf3 Nf6 4. Nc3 dxc4 5. a4 Bf5 6. Ne5 Nbd7 7. Nxc4 Nb6 8. Ne3 Bg6 9. a5 Nbd5 10. Nexd5 Nxd5 11. Qb3 e5 12. dxe5 Nb4 13. e4 Bc5 14. Ra4 Qe7 15. Be2 O-O 16. O-O Rad8 17. Bf4 Nd3 18. Nd5 cxd5 19. Bxd3 dxe4 20. Bxe4 Bxe4 21. Rxe4 Qe6 22. Qc4 Rc8 23. Qxe6 fxe6 24. b4 Be7 25. Be3 a6 26. Rb1 Rfd8 27. g4 Rd5 28. Kg2 Rc2 29. Kg3 Kf7 30. h4 Rb5 31. h5 Rd5 32. Rb3 Ke8 33. g5 Kf7 34. Bc5 Rcd2 35. g6+ hxg6 36. hxg6+ Ke8 37. Bxe7 Kxe7 38. Rf3 R2d3 39. Ref4 Rxf3+ 40. Kxf3 Rxe5 41. Rf7+ Kd6 42. Rxb7 Rf5+ 43. Ke3 Re5+ 44. Kd3 Rd5+ 45. Kc3 Rf5 46. Rf7 Rg5 47. Rxg7 Kc6 48. Rg8 Kc7 49. g7 Kb7 50. Kd4 1-0

[Event "Czech Open GM 2019"]
[Site "Pardubice"]
[Date "2019.07.24"]
[Round "6.46"]
[White "Budrewicz, Krzysztof"]
[Black "Seger, Ruediger"]
[Result "1/2-1/2"]
[WhiteElo "2188"]
[BlackElo "2350"]
[Annotator "TA"]
[PlyCount "84"]
[EventDate "2019.07.19"]
[EventType "swiss"]
[EventCountry "CZE"]
[SourceTitle "playchess.com"]
[Source "ChessBase"]
[SourceQuality "1"]

1. d4 Nf6 2. Bg5 e6 3. e4 h6 4. Bxf6 Qxf6 5. Nc3 Bb4 6. Qd2 d6 7. a3 Ba5 8. f4 Bxc3 9. bxc3 e5 10. Ne2 Nc6 11. fxe5 dxe5 12. d5 Ne7 13. Ng3 O-O 14. Rb1 b6 15. c4 Qd6 16. Rb3 f5 17. Qb4 Qxb4+ 18. Rxb4 c5 19. Rb2 Bd7 20. Bd3 f4 21. Ne2 f3 22. gxf3 Rxf3 23. Rg1 Nc8 24. Rg3 Rf6 25. Nc3 Nd6 26. a4 Kh7 27. Ra2 Rb8 28. Nb5 Bxb5 29. axb5 Rb7 30. Be2 g6 31. Bd3 Rf4 32. Ke2 Rg7 33. Ke3 g5 34. c3 h5 35. Rag2 Kh6 36. h3 Rf6 37. Rg1 Rf8 38. R1g2 Rf4 39. Rg1 Rg6 40. R1g2 Rf8 41. Rg1 Rf4 42. R1g2 Rf7 1/2-1/2

[Event "Czech Open GM 2019"]
[Site "Pardubice"]
[Date "2019.07.24"]
[Round "6.47"]
[White "Jasny, Stanislav"]
[Black "Kumala, Aleksander"]
[Result "1-0"]
[WhiteElo "2345"]
[BlackElo "2184"]
[Annotator "TA"]
[PlyCount "69"]
[EventDate "2019.07.19"]
[EventType "swiss"]
[EventCountry "CZE"]
[SourceTitle "playchess.com"]
[Source "ChessBase"]
[SourceQuality "1"]

1. d4 e6 2. Nf3 Nf6 3. c4 Bb4+ 4. Nbd2 Nc6 5. e3 d6 6. Be2 O-O 7. Qc2 e5 8. d5 Ne7 9. O-O a5 10. b3 Bf5 11. e4 Bg6 12. a3 Bxd2 13. Nxd2 Nd7 14. Bb2 f5 15. b4 fxe4 16. Nxe4 Nf6 17. Bd3 Nxe4 18. Bxe4 Bxe4 19. Qxe4 Rf4 20. Qe2 Qf8 21. g3 Rf7 22. Kg2 axb4 23. axb4 Rxa1 24. Bxa1 b5 25. Bb2 bxc4 26. Qxc4 Qa8 27. Rd1 Qb7 28. Kg1 Rf8 29. Bxe5 Rf5 30. Bc3 Rxd5 31. Re1 c6 32. Qe4 Ng6 33. Qe8+ Nf8 34. Re7 Rd1+ 35. Kg2 1-0

[Event "Czech Open GM 2019"]
[Site "Pardubice"]
[Date "2019.07.24"]
[Round "6.48"]
[White "Nurkiewicz, Maciej"]
[Black "Iliaguev, Daniel"]
[Result "1-0"]
[WhiteElo "2334"]
[BlackElo "2053"]
[Annotator "NA"]
[PlyCount "105"]
[EventDate "2019.07.19"]
[EventType "swiss"]
[EventCountry "CZE"]
[SourceTitle "playchess.com"]
[Source "ChessBase"]
[SourceQuality "1"]

1. e4 e6 2. d4 d5 3. Nd2 dxe4 4. Nxe4 Nd7 5. Nf3 Ngf6 6. Nxf6+ Nxf6 7. Bd3 c5 8. dxc5 Bxc5 9. O-O Qc7 10. Bg5 O-O 11. Qe2 Nd5 12. Rad1 h6 13. Bc1 b6 14. Ne5 Bb7 15. Rfe1 Rad8 16. Qe4 Nf6 17. Qh4 Rd4 18. Qh3 Be4 19. Nf3 Rd5 20. Qh4 Bxf3 21. gxf3 Bd6 22. h3 Rh5 23. Qc4 Qb8 24. Kg2 Rc8 25. Qa4 b5 26. Qa6 Nd5 27. Be4 Bf4 28. Rxd5 exd5 29. Bxf4 Qa8 30. Qxb5 a6 31. Qa5 Qb7 32. Bd3 Qd7 33. Rh1 Rh4 34. Bg3 Ra4 35. Qb6 Rxa2 36. Bxa6 Qc6 37. Qxc6 Rxc6 38. Bd3 Rxb2 39. Ra1 Rbxc2 40. Bxc2 Rxc2 41. Rd1 Rc5 42. Bd6 Rb5 43. Kg3 g5 44. f4 Kg7 45. fxg5 hxg5 46. Be5+ Kg6 47. f3 f5 48. h4 gxh4+ 49. Kxh4 Kf7 50. f4 Ke6 51. Ra1 Rb6 52. Kg5 Rc6 53. Rh1 1-0

[Event "Czech Open GM 2019"]
[Site "Pardubice"]
[Date "2019.07.24"]
[Round "6.49"]
[White "Domogaev, Sergey"]
[Black "Stinka, Jakub"]
[Result "1-0"]
[WhiteElo "2332"]
[BlackElo "2135"]
[Annotator "NA"]
[PlyCount "103"]
[EventDate "2019.07.19"]
[EventType "swiss"]
[EventCountry "CZE"]
[SourceTitle "playchess.com"]
[Source "ChessBase"]
[SourceQuality "1"]

1. d4 Nf6 2. c4 e6 3. Nc3 d5 4. cxd5 exd5 5. Bg5 c6 6. e3 Bf5 7. Qf3 Be6 8. Bxf6 Qxf6 9. Qxf6 gxf6 10. Bd3 Nd7 11. Nge2 Nb6 12. Ng3 Nc4 13. O-O-O Nd6 14. Nh5 Be7 15. h3 f5 16. Kb1 Rg8 17. Nf4 Ne4 18. Rhf1 Bd6 19. Nce2 O-O-O 20. g4 Bxf4 21. Nxf4 Nd6 22. f3 Bd7 23. Nh5 Rge8 24. Rde1 Re6 25. Kc2 Rh6 26. Nf4 Rg8 27. Rh1 fxg4 28. hxg4 Rxh1 29. Rxh1 f5 30. gxf5 Nxf5 31. Kd2 Rg7 32. Rh5 Rf7 33. Ne2 Nd6 34. Nf4 Bf5 35. Ke2 Kc7 36. Rh2 Re7 37. Kd2 Kc8 38. b3 Kc7 39. Rh5 Bxd3 40. Kxd3 Kd7 41. Kd2 Rg7 42. a4 Nf7 43. e4 dxe4 44. fxe4 Rg4 45. Ke3 Rg3+ 46. Kf2 Rxb3 47. e5 Ke8 48. e6 Nd6 49. Rxh7 Ne4+ 50. Ke2 Ng5 51. Rg7 Rf3 52. Ng6 1-0

[Event "Czech Open GM 2019"]
[Site "Pardubice"]
[Date "2019.07.24"]
[Round "6.50"]
[White "Milikow, Yoav"]
[Black "Van Dael, Siem"]
[Result "1-0"]
[WhiteElo "2186"]
[BlackElo "2319"]
[Annotator "NA"]
[PlyCount "41"]
[EventDate "2019.07.19"]
[EventType "swiss"]
[EventCountry "CZE"]
[SourceTitle "playchess.com"]
[Source "ChessBase"]
[SourceQuality "1"]

1. d4 Nf6 2. c4 g6 3. Nc3 Bg7 4. e4 d6 5. Be2 O-O 6. Be3 c5 7. d5 e6 8. Nf3 exd5 9. cxd5 b5 10. e5 Ng4 11. Bg5 Qb6 12. Be7 Re8 13. exd6 b4 14. Na4 Qa5 15. Nd2 Bd7 16. b3 Bxa4 17. bxa4 Nh6 18. Bb5 Bxa1 19. Qxa1 Qd8 20. O-O Qc8 21. Ne4 1-0